| 000 | 01748nam a2200241Ia 4500 | ||
|---|---|---|---|
| 008 | 260220t1935||||xx |||||||||||||| ||spa|| | ||
| 040 |
_aPY-SlUNAC _bspa _erda |
||
| 041 | _aspa | ||
| 082 |
_a599 _bD495m |
||
| 100 |
_aDevincenzi, Garibaldi J. _eAutor |
||
| 245 | 0 |
_aMamíferos del Uruguay / _cpor Garibaldi J. Devincenzi [Autor] |
|
| 264 |
_aMontevideo : _bImprenta Nacional, _c℗1935. |
||
| 300 | _a1 volumen | ||
| 520 | _a"Los Mamíferos del Uruguay" de Garibaldi J. Devincenzi es una obra fundamental que documenta la diversidad y características de los mamíferos de Uruguay. Publicado en 1935, el libro ofrece una exhaustiva clasificación de las especies mamíferas presentes en el país, proporcionando descripciones detalladas sobre su morfología, hábitats, comportamiento y distribución geográfica. Devincenzi combina observaciones empíricas con una sólida base científica, lo que contribuye a un mejor entendimiento de la fauna uruguaya y su ecología. A lo largo de los capítulos, se abordan distintos grupos de mamíferos, incluyendo marsupiales, roedores y carnívoros, destacando su importancia en el ecosistema local. Además, la obra refleja el compromiso del autor con la conservación y el estudio de la biodiversidad. Esta publicación no solo es un recurso valioso para investigadores y estudiantes, sino que también se convierte en un referente para la educación ambiental y la preservación de la fauna uruguaya, siendo un testimonio del patrimonio natural del país. | ||
| 651 | _aUruguay | ||
| 653 | _aFauna | ||
| 653 | _aMamíferos | ||
| 942 |
_b2026/02/17 _cBK |
||
| 999 |
_c8376 _d8376 |
||